[Event "Yingmei Cup CHN-chT 2017"]
[Site "?"]
[Date "2017.05.23"]
[Round "5"]
[White "Ni, Shiqun"]
[Black "Zhai, Mo"]
[Result "0-1"]
[WhiteElo "2450"]
[BlackElo "2303"]
[Annotator "TA"]
[PlyCount "150"]
[EventDate "2017.??.??"]
[SourceTitle "Jinhua-Lanxi"]

1. e4 e6 2. d4 d5 3. Nd2 Be7 4. Bd3 c5 5. dxc5 Nf6 6. Qe2 O-O 7. Ngf3 {C03:
French Tarrasch: Unusual Black 3rd moves} a5 8. c3 Qc7 $146 ({Predecessor:} 
8... Na6 9. e5 Nd7 10. O-O Naxc5 11. Bc2 b6 12. Re1 Ba6 13. Qd1 Nd3 14. Re3
Nxc1 15. Rxc1 {0-1 (45) Oleksienko,M (2615)-Korobov,A (2692) Rivne 2016}) 9.
O-O {The position is equal.} Na6 10. exd5 Nxd5 11. Qe4 {[#]} Nf6 12. Qe2 Nxc5
13. Bc2 b5 14. Rd1 Ba6 15. Nf1 a4 (15... b4 $5 16. Qe5 Rfc8 17. Qxc7 Rxc7 $15)
16. Qe1 Rfc8 17. Bg5 Bb7 18. Nd4 Rab8 19. Bh4 Nh5 20. Bxe7 Qxe7 21. Qe3 Qf6 22.
Ne2 g6 23. Rd2 Bd5 24. a3 Nd7 25. Be4 Nb6 26. Bxd5 Nxd5 27. Qa7 Ra8 28. Qd4 Qg5
29. Rad1 Nhf6 30. Qd3 Rab8 $40 {Black has some attack.} 31. Nd4 h5 (31... Kg7 {
is interesting.} 32. g3 e5 33. Nf3 Qh5 34. Qe2 e4) 32. Qg3 (32. g3 {looks
sharper.} Nd7 33. h4 Qf6 34. Rc2 Ne5 35. Qe2) 32... Qxg3 33. hxg3 Kg7 34. f3
Nd7 35. Nc2 Ne5 {[#] Hoping for ...Nc4.} 36. Nfe3 Nb6 {White must now prevent .
..Nbc4.} 37. Nb4 (37. Re2 $15) 37... Kf6 (37... Nbc4 $17 38. Nxc4 Nxc4) 38. Kf2
Nbc4 39. Nxc4 Nxc4 40. Rc2 Rd8 41. Rxd8 (41. Rd4 $17 {keeps fighting.}) 41...
Rxd8 $17 {Endgame KRN-KRN} 42. Ke2 g5 43. Nd3 Kf5 44. Nf2 Rd5 45. Nd3 Kg6 46.
Nb4 Rd6 47. Nd3 f6 48. Nc5 f5 49. Nd3 Kf6 (49... e5 $19 50. Nc5 Kf6) 50. Nc5 (
50. f4 $17 {is a better defense.}) 50... e5 $19 51. Nd3 e4 52. fxe4 fxe4 53.
Nf2 $2 (53. Nc1) 53... Kf5 54. g4+ hxg4 55. Nh1 Rd3 56. Kf2 Kf4 57. g3+ Ke5 58.
Ke2 Re3+ 59. Kf1 Rf3+ 60. Ke1 Ne3 61. Rh2 Nc4 $2 ({Black should try} 61... Nf5
$19 62. Rf2 Ne3) 62. Rh5 $2 (62. Rc2 $1 $11 {and White stays safe.} e3 63. Rh2)
62... Kf5 63. Rh8 e3 64. Rb8 Nd6 65. Ke2 Ke4 66. Rd8 Rf6 67. Rd7 Rh6 {aiming
for ...Rh2+.} 68. Re7+ Kf5 69. Kxe3 Rxh1 {KRN-KR} 70. Kd4 Kf6 71. Re2 Nf5+ 72.
Kc5 Nxg3 73. Rg2 Ne4+ 74. Kxb5 g3 75. Kxa4 Rh2 {Precision: White = 40%, Black
= 64%.} 0-1

[Event "Yingmei Cup CHN-chT 2017"]
[Site "?"]
[Date "2017.05.23"]
[Round "5"]
[White "Dai, Changren"]
[Black "Fang, Yuxiang"]
[Result "0-1"]
[WhiteElo "2438"]
[BlackElo "2498"]
[Annotator "TA"]
[PlyCount "100"]
[EventDate "2017.??.??"]
[SourceTitle "Jinhua-Lanxi"]

1. e4 e5 2. Nf3 Nc6 3. Bb5 Nf6 4. d4 Nxe4 5. dxe5 d5 6. Nbd2 {C65: Ruy Lopez:
Berlin Defence (3...Nf6), unusual lines and 4 0-0 Bc5} Bd7 7. Nb3 $146 {[#]} ({
Predecessor:} 7. O-O Nxe5 8. Bxd7+ Nxd7 9. Nxe4 dxe4 10. Ng5 Be7 11. Nxe4 O-O
12. c3 Nf6 13. Nxf6+ Bxf6 {1/2-1/2 (21) Karjakin,S (2775)-Mamedyarov,S (2764)
Beijing 2012}) 7... Nxe5 $1 8. Bxd7+ {The position is equal.} (8. Nxe5 Bxb5)
8... Nxd7 9. Qxd5 Ndc5 10. Qe5+ (10. Qc4 {feels hotter.} Bd6 11. Nxc5 Nxc5 12.
Be3 Qe7 13. O-O-O) 10... Qe7 $132 {Black is not keeping still} 11. O-O Qxe5 12.
Nxe5 f6 13. Nc4 O-O-O 14. Re1 Na4 15. Be3 (15. Bf4 $5 Nd6 16. Bxd6 Bxd6 17.
Rab1 $11) 15... Nd6 16. Nbd2 Nxc4 17. Nxc4 b5 18. b3 Bb4 19. Rf1 Nc3 20. Nb2
Ne2+ 21. Kh1 Bc3 22. Rab1 Bxb2 23. Rxb2 Nc3 24. Bxa7 Rhe8 25. g3 Re2 26. Kg1
Rdd2 27. a3 Rxc2 28. Rxc2 Rxc2 $17 {Endgame KRB-KRN} 29. Kg2 Rb2 30. b4 Ra2 31.
Re1 Rxa3 32. Bc5 Nd5 33. Re8+ Kb7 $1 34. Rh8 Ra4 $1 35. Rxh7 Nxb4 36. Rxg7 Nd3
(36... Nd5 $1 $17 {...Kc6 is the strong threat.} 37. h4 b4 38. Bxb4 Rxb4) 37.
Be7 $11 Ra6 {aiming for ...b4.} 38. Bf8 (38. Kf3 $11 {keeps the balance.})
38... b4 $17 39. Rd7 {[#]} b3 $2 (39... Ne1+ $1 $17 40. Kh3 f5) 40. Rxd3 $16 {
KRB-KR} b2 41. Rd1 $2 (41. Rb3+ $18 Rb6 42. Bb4) 41... Ra1 $15 42. Ba3 Rxa3 {
KR-KR} 43. Rb1 $1 Rb3 {Strongly threatening ...c5.} 44. Kf1 $2 (44. h4 $15)
44... Kc6 45. Ke2 Kc5 46. Kd2 {[#]} Kb4 $1 47. h4 Ka3 48. h5 Ka2 49. Kc2 Rb5
50. Rh1 {[#]} Rxh5 $1 {Precision: White = 39%, Black = 68%.} 0-1

[Event "Yingmei Cup CHN-chT 2017"]
[Site "?"]
[Date "2017.05.23"]
[Round "5"]
[White "Liu, Guanchu"]
[Black "Zeng, Chongsheng"]
[Result "1/2-1/2"]
[WhiteElo "2437"]
[BlackElo "2536"]
[Annotator "TA"]
[PlyCount "80"]
[EventDate "2017.??.??"]
[SourceTitle "Jinhua-Lanxi"]

1. e4 c5 2. Nf3 Nc6 3. d4 cxd4 4. Nxd4 e6 5. Nc3 Qc7 6. Be3 a6 7. Qd2 Nf6 8.
O-O-O Be7 {B48: Sicilian: Taimanov: 5 Nc3 Qc7 6 Be3 a6 without Be2} 9. f3 b5
10. Kb1 O-O 11. g4 Nxd4 12. Bxd4 Bb7 13. h4 d5 {[#] White must now prevent ...
b4.} (13... b4 14. Na4 d5 15. e5 Nd7 16. Qe3 {1-0 (40) Caruana,F (2817)-Pichot,
A (2556) chess.com INT 2017}) 14. e5 Nd7 $36 {Black has good play.} 15. f4 b4
16. Ne2 a5 $146 17. Qe3 a4 18. Rh2 Ba6 (18... Rfc8 {is interesting.} 19. Rc1
Ba6 20. h5 Bc5 21. Bxc5 Nxc5 22. Ng3 Bxf1 23. Rxf1 Nd7) 19. Nc1 Rfc8 20. h5
Bxf1 21. Rxf1 Bc5 22. Nd3 Bxd4 23. Qxd4 {[#]} Qc4 (23... b3 $1 $15 24. cxb3 (
24. axb3 axb3) 24... axb3) 24. Qxc4 $11 {The position is equal.} Rxc4 25. b3
Rd4 26. g5 a3 27. h6 g6 28. Kc1 Rc8 29. Kd2 Nb8 30. Ke3 Re4+ 31. Kd2 $1 Na6 32.
Re1 Rxe1 33. Kxe1 {Endgame KRN-KRN} Kf8 34. Kd2 Ke7 35. Rh3 Kd7 36. Nf2 Nc5 37.
c3 Rb8 38. Kc2 Kc6 39. cxb4 Rxb4 40. Rc3 {Hoping for Nd3.} Kb5 {Precision:
White = 63%, Black = 80%.} 1/2-1/2

[Event "Yingmei Cup CHN-chT 2017"]
[Site "?"]
[Date "2017.05.23"]
[Round "5"]
[White "Peng, Xiongjian"]
[Black "Lou, Yiping"]
[Result "1/2-1/2"]
[WhiteElo "2423"]
[BlackElo "2467"]
[Annotator "TA"]
[PlyCount "113"]
[EventDate "2017.??.??"]
[SourceTitle "Jinhua-Lanxi"]

1. e4 e6 2. d4 d5 3. Nd2 c5 4. exd5 Qxd5 5. Ngf3 cxd4 6. Bc4 Qd6 7. O-O Nf6 8.
Nb3 Nc6 9. Nbxd4 Nxd4 10. Nxd4 a6 11. Re1 Qc7 12. Qe2 Bd6 {C07: French
Tarrasch: 3...c5, 4 Ngf3 and 4 exd5 Qxd5} 13. h3 ({White should try} 13. Bg5
$14) 13... O-O $11 14. Bg5 {[#]} Bf4 $146 {The position is equal.} ({
Predecessor:} 14... Bh2+ 15. Kh1 Bf4 16. Bxf4 Qxf4 17. Qe3 Qxe3 18. Rxe3 Bd7
19. Rd1 Rfc8 20. Bb3 {1-0 (67) Vachier Lagrave,M (2718)-Hou,Y (2585) Villandry
2009}) 15. Bxf6 gxf6 16. Bd3 f5 17. Qh5 Qd8 18. Nf3 {[#] Strongly threatening
g3.} Qf6 19. g4 b6 20. gxf5 exf5 21. Qh4 $36 {Black is under pressure.} Qxh4
22. Nxh4 Bg5 23. Nxf5 Bxf5 24. Bxf5 Rfe8 25. Bd3 Bf6 26. c3 a5 27. Kg2 (27. Re3
{looks sharper.} Rad8 28. Rd1 Kf8 29. Kf1 h6 30. Ke2) 27... Rxe1 28. Rxe1 $14 {
Endgame KRB-KRB} Rd8 29. Re3 h6 30. f4 Kf8 31. Kf3 Be7 32. Ke4 Bc5 33. Rg3 Re8+
34. Kd5 Re3 35. Rxe3 Bxe3 $16 {KB-KB} 36. Kc6 Ke7 37. a4 Kd8 38. Bf5 Bf2 39.
Bg4 Be3 40. b4 Bf2 41. Bh5 Ke7 42. Bg4 Kd8 $1 43. bxa5 {White is better.} bxa5
44. c4 Be3 45. f5 Ke7 46. c5 f6 47. Be2 Kd8 48. Bf3 Bf4 49. Bd5 Bg3 50. Bc4 Bf4
51. Kb6 Bc7+ 52. Kb5 Kd7 53. Be6+ Kd8 54. Kc4 Bg3 55. Kd5 h5 56. Bf7 h4 57. Kc6
{Precision: White = 72%, Black = 64%.} 1/2-1/2

[Event "Yingmei Cup CHN-chT 2017"]
[Site "?"]
[Date "2017.05.23"]
[Round "5"]
[White "Wang, Jue"]
[Black "Yuan, Ye"]
[Result "1-0"]
[WhiteElo "2335"]
[BlackElo "2306"]
[Annotator "ChessBase"]
[PlyCount "69"]
[EventDate "2017.??.??"]
[SourceTitle "Jinhua-Lanxi"]
[TimeControl "5400+30"]

1. e4 c5 2. Nf3 e6 3. d4 cxd4 4. Nxd4 Nc6 5. Nc3 Qc7 6. Be3 a6 7. Qd2 Nf6 8.
O-O-O Be7 9. f3 b5 10. Kb1 Bb7 11. Bf4 e5 12. Nf5 exf4 13. Nd5 Qb8 14. Nxg7+
Kf8 15. Nf5 Nxd5 16. exd5 Ne5 17. Qxf4 d6 18. Qh6+ Ke8 19. f4 Ng6 20. Bd3 Kd7
21. Rhe1 Bf6 22. Qh3 Nxf4 23. Qg4 Nxd3 24. Rxd3 h5 25. Qh3 Qd8 26. Nh6+ Kc7 27.
Nxf7 Qd7 28. Rc3+ Bxc3 29. Qxc3+ Kb6 30. Qd4+ Kc7 31. Nxh8 Qh7 32. Qf6 Qxh8 33.
Re7+ Kb6 34. Qxd6+ Ka5 35. Qc7+ 1-0

[Event "Yingmei Cup CHN-chT 2017"]
[Site "?"]
[Date "2017.05.23"]
[Round "5"]
[White "Pham, Le Thao Nguyen"]
[Black "Xiao, Yiyi"]
[Result "*"]
[WhiteElo "2331"]
[BlackElo "2290"]
[Annotator "TA"]
[PlyCount "33"]
[EventDate "2017.??.??"]
[SourceTitle "Jinhua-Lanxi"]

1. d4 Nf6 2. Nf3 e6 3. Bf4 c5 4. e3 Nc6 5. Nbd2 d5 6. c3 Bd6 7. Bg3 O-O 8. Bd3
b6 9. e4 {[%emt 0:00:03] D02:1 d4 d5 2 Nf sidelines, including 2... Nf6 3 g3
and 2...Nf6 3 Bf4} (9. Ne5 Bb7 10. O-O Qc7 11. f4 Ne7 12. Qb1 Qc8 13. Bh4 Nf5
14. Bxf5 exf5 15. Bxf6 gxf6 16. Nef3 Qe6 17. Re1 Ba6 18. Nh4 cxd4 19. exd4 {
1-0 (28) Korobov,A (2692)-Dominguez Perez,L (2739) Doha 2016}) 9... dxe4 10.
Nxe4 Nxe4 11. Bxe4 Bb7 {LiveBook: 12 Games} 12. Ne5 {Predecessor:} (12. dxc5
$14 Bxc5 13. O-O) 12... Qc7 $146 13. Qf3 Bxe5 14. dxe5 Na5 15. O-O Rad8 16. Bh4
Bxe4 17. Qxe4 {0-1 (28) Eugene,F (2287)-Ollier,P (2359) Rochefort 2017} *

[Event "Yingmei Cup CHN-chT 2017"]
[Site "?"]
[Date "2017.05.23"]
[Round "5"]
[White "Pham, Le Thao Nguyen"]
[Black "Xiao, Yiyi"]
[Result "1/2-1/2"]
[WhiteElo "2331"]
[BlackElo "2290"]
[Annotator "TA"]
[PlyCount "54"]
[EventDate "2017.??.??"]
[SourceTitle "Jinhua-Lanxi"]

1. d4 Nf6 2. Nf3 e6 3. Bf4 c5 4. e3 Nc6 5. Nbd2 d5 6. c3 Bd6 7. Bg3 O-O 8. Bd3
b6 9. e4 {[%emt 0:00:03] D02:1 d4 d5 2 Nf sidelines, including 2...Nf6 3 g3
and 2...Nf6 3 Bf4} (9. Ne5 Bb7 10. O-O Qc7 11. f4 Ne7 12. Qb1 Qc8 13. Bh4 Nf5
14. Bxf5 exf5 15. Bxf6 gxf6 16. Nef3 Qe6 17. Re1 Ba6 18. Nh4 cxd4 19. exd4 {
1-0 (28) Korobov,A (2692) -Dominguez Perez,L (2739) Doha 2016}) 9... dxe4 10.
Nxe4 Nxe4 11. Bxe4 Bb7 {LiveBook: 12 Games} 12. Ne5 Qc7 13. O-O $146 (13. Qh5 {
seems wilder.} h6 14. Ng4 cxd4 15. Nxh6+ gxh6 16. Qxh6 f5 17. Bxc6 Bxc6 18.
Bxd6 Qxd6 19. Qg6+) ({Predecessor:} 13. Qf3 Bxe5 14. dxe5 Na5 15. O-O Rad8 16.
Bh4 Bxe4 17. Qxe4 {0-1 (28) Eugene,F (2287)-Ollier,P (2359) Rochefort 2017})
13... cxd4 14. Nxc6 {[#] aiming for Bxd6.} ({Don't go for} 14. Qh5 $2 g6 $19)
14... Bxc6 15. Qxd4 Bxg3 16. hxg3 Bxe4 17. Qxe4 Rad8 18. Rad1 Rd7 19. Rd4 Rxd4
20. Qxd4 $15 {Endgame KQR-KQR} Rd8 21. Qa4 Qd7 22. Qa6 h6 23. a4 Qc7 24. Qe2
Qd7 25. Qa6 Qc7 26. Qe2 Qd7 27. Qa6 Qc7 {Precision: White = 70%, Black = 64%.}
1/2-1/2

[Event "Yingmei Cup CHN-chT 2017"]
[Site "?"]
[Date "2017.05.23"]
[Round "5"]
[White "Zhang, Ziji"]
[Black "Ni, Hua"]
[Result "1/2-1/2"]
[WhiteElo "2318"]
[BlackElo "2674"]
[Annotator "TA"]
[PlyCount "107"]
[EventDate "2017.??.??"]
[SourceTitle "Jinhua-Lanxi"]

1. d4 d6 2. Nf3 Nf6 3. c4 g6 4. Nc3 Bf5 5. g3 Bg7 6. Bg2 Ne4 7. Bd2 {E62:
King's Indian: Fianchetto: 6...c6 and Panno Variation (6...Nc6) without .. .a6}
Nxd2 8. Qxd2 Nc6 9. O-O O-O 10. h3 $146 ({Predecessor:} 10. d5 Na5 11. b3 c5
12. e4 Bd7 13. Rae1 Qc7 {1/2-1/2 (90) Onischuk,A (2667)-Caruana,F (2817) Saint
Louis 2017}) 10... a6 11. Rac1 Rb8 12. Rfd1 e5 13. d5 {aiming for e4.} Ne7 14.
e4 Bd7 15. c5 Kh8 16. b4 Ng8 17. Qe2 f5 18. a4 Bh6 19. Ra1 Nf6 20. Nd2 Qe7 21.
cxd6 cxd6 22. Nc4 Rbc8 {And now . ..b5 would win.} 23. Ra3 f4 (23... Rc7 $5 24.
Nb6 fxe4 $15) 24. Nb6 Rc7 25. g4 Bg5 26. Bf3 h5 27. Kg2 Kg7 28. gxh5 gxh5 29.
Nxd7 (29. Rg1 $15) 29... Qxd7 $17 30. Bxh5 ({White should play} 30. a5) 30...
Rh8 $1 31. Bg4 Nxg4 32. hxg4 Kg6 33. Rh1 Rxh1 34. Kxh1 Qh7+ $1 35. Kg2 $2 (35.
Kg1 {was the crucial defense.}) 35... f3+ $2 (35... Qh8 $1 $19 36. Qe1 Rh7) 36.
Qxf3 $11 {Threatens to win with Qf5+.} Rf7 37. Qd3 $1 (37. Qg3 Bh4 $17) 37...
Rf4 38. Ne2 Rxg4+ 39. Ng3 {Black should prevent b5.} Bf4 $1 40. Qc2 $36 {
White has some pressure.} Qd7 (40... Kh6 $11 {remains equal.}) 41. Rc3 {
Black must now prevent Rc7.} Rh4 $1 {[#]} 42. Nf5 (42. Kg1 $1 $16) 42... Rh2+
$1 43. Kf1 {Hoping for Rc7.} Qh7 44. Qd3 {Strongly threatening Qf3.} ({Not} 44.
Nxd6 $2 Qh5 $19) 44... Qh5 $2 {[#]} (44... Rh1+ $11 45. Ke2 Qh2) 45. Qf3 $1 $18
Qxf3 46. Rxf3 {Endgame KRB-KRN} Rh1+ 47. Ke2 Rb1 48. b5 ({Don't play} 48. Nxd6
Rxb4 49. a5 Rb2+ 50. Kf1 b5) 48... axb5 49. axb5 ({Weaker is} 49. Nxd6 bxa4 50.
Rc3 Kf6 $15) 49... Rxb5 50. Nxd6 Rb2+ 51. Kd3 Rb3+ 52. Ke2 Rb2+ 53. Kd3 (53.
Kf1 $16) 53... Rb3+ $11 54. Ke2 {Precision: White = 43%, Black = 65%.} 1/2-1/2

[Event "Yingmei Cup CHN-chT 2017"]
[Site "?"]
[Date "2017.05.23"]
[Round "5"]
[White "Xu, Minghui"]
[Black "Wang, Hao"]
[Result "0-1"]
[WhiteElo "2283"]
[BlackElo "2690"]
[Annotator "TA"]
[PlyCount "68"]
[EventDate "2017.??.??"]
[SourceTitle "Jinhua-Lanxi"]

1. Nf3 Nf6 2. g3 d5 3. Bg2 c6 4. O-O Bf5 5. c4 dxc4 6. Na3 {A11: English
Opening: 1...c6} Qd5 7. b3 cxb3 {LiveBook: 5 Games} 8. d3 {aiming for e4.White
is slightly better.} (8. Ng5 $5 Qd7 9. Qxb3 $14) 8... Bc8 9. Nc4 Qd8 10. Qxb3 {
Hoping for Ng5.} e6 11. a4 $146 ({Predecessor:} 11. Nfe5 Be7 12. g4 O-O 13. h3
Nbd7 {0-1 (30) Goossens,E (2219) -Nikolic,P (2636) Rogaska Slatina 2011}) 11...
Be7 12. Ba3 O-O 13. d4 Bxa3 14. Qxa3 a5 15. Rab1 Na6 16. Rfc1 Nd5 17. e4 Ndb4
18. e5 b6 19. Nd6 Nc7 20. Nd2 Ncd5 21. N2c4 Ba6 22. f4 (22. Ne3 $11) 22... Ra7
(22... Bxc4 $5 23. Rxc4 Qd7 $15) 23. Bxd5 cxd5 24. Ne3 f6 25. Rc3 $2 (25. Nc2
$11 {and White has nothing to worry.}) 25... fxe5 $19 26. fxe5 Qg5 27. Qb2 $2 {
[#]} (27. Qb3 {is a better chance.}) 27... Rc7 $1 {White must now prevent ...
Nd3.} 28. Ng2 (28. Rxc7 Qxe3+) 28... Nd3 29. Qc2 Rxc3 30. Qxc3 Qg4 31. Nb5 Qf5
(31... Qe2 $142 32. Qa1 Rf2) 32. Nh4 Qf2+ {Black mates.} 33. Kh1 Bxb5 34. axb5
Qe3 {Precision: White = 20%, Black = 79%.} 0-1

[Event "Yingmei Cup CHN-chT 2017"]
[Site "?"]
[Date "2017.05.23"]
[Round "5"]
[White "Liu, Shilan"]
[Black "Zhu, Jiner"]
[Result "1/2-1/2"]
[WhiteElo "2255"]
[BlackElo "2154"]
[Annotator "TA"]
[PlyCount "60"]
[EventDate "2017.??.??"]
[SourceTitle "Jinhua-Lanxi"]

1. e4 c5 2. c3 d5 3. exd5 Qxd5 4. d4 Nc6 5. Nf3 Nf6 6. Be2 Bf5 {[%emt 0:00:02]
LiveBook: 8 Games. B2: Sicilian: 2 c3} (6... cxd4 7. cxd4 e6 8. O-O Be7 9. Nc3
Qd6 10. Nb5 Qd8 11. Bf4 Nd5 12. Bg3 O-O 13. Bc4 a6 14. Nc3 Nxc3 15. bxc3 b5 16.
Bd3 Bb7 17. a4 b4 18. Rb1 Bf6 19. Be4 a5 20. cxb4 axb4 21. Bxc6 {1/2-1/2 (21)
Zvjaginsev,V (2660)-Moiseenko,A (2692) Berlin 2015}) 7. dxc5 Qxc5 ({Black
should try} 7... e6 $11) 8. Be3 Qa5 {White is slightly better.} 9. Na3 $146 ({
Predecessor:} 9. Qb3 Qc7 10. Na3 a6 11. Bb6 Qb8 12. O-O e6 13. Nc4 {1-0 (55)
Jianu,V (2579)-Filip,L (2455) Iasi 2014}) 9... e5 10. Nc4 Qc7 $1 11. Qa4 Nd7
12. b4 b6 13. O-O Be7 ({Better is} 13... Rd8 $14) 14. Na3 $2 {[#]} (14. Nxb6
$18 Nxb6 15. Bxb6 Qxb6 16. Nxe5) 14... O-O $11 {The position is equal.} 15. Nb5
Qb8 16. Na3 $1 Qd6 17. Nc4 (17. Rad1 $5 Qg6 18. h4 $11) 17... Qc7 18. Rfd1 a6
19. Rxd7 Bxd7 20. Nxb6 Nd4 $1 21. Qxd7 Nxe2+ 22. Kf1 $1 Qxd7 $1 23. Nxd7 Nxc3 {
[#] And now ...Rfe8 would win.} 24. Nxf8 Kxf8 25. Nxe5 Bxb4 26. Nd3 Bd6 27. Bc5
(27. Bd4 $5 Ne4 28. Re1 Nd2+ 29. Ke2 $11) 27... Rd8 28. a3 Bxc5 29. Nxc5 Rd6
30. Rc1 Nb5 {Precision: White = 65%, Black = 48%.} 1/2-1/2

[Event "Yingmei Cup CHN-chT 2017"]
[Site "?"]
[Date "2017.05.23"]
[Round "5"]
[White "Gu, Tianlu"]
[Black "Zhang, Xiaowen"]
[Result "1/2-1/2"]
[WhiteElo "2212"]
[BlackElo "2345"]
[Annotator "TA"]
[PlyCount "64"]
[EventDate "2017.??.??"]
[SourceTitle "Jinhua-Lanxi"]

1. e4 e6 2. d4 d5 3. Nd2 Nf6 4. e5 Nfd7 5. Bd3 c5 6. c3 Nc6 7. Ne2 cxd4 8. cxd4
f6 9. exf6 Nxf6 10. O-O Bd6 11. Nf3 O-O 12. Bf4 Nh5 13. Bxd6 {C06: French
Tarrasch: 3...Nf6 4 e5 Nfd7 5 Bd3 main lines} Qxd6 14. Ng5 (14. Qd2 Bd7 15. Qe3
Nf4 16. Nxf4 Qxf4 17. Rfe1 a6 18. Rad1 g6 19. Bb1 Rac8 20. h3 Rf6 {0-1 (41)
Schroeder,J (2529) -Timman,J (2574) Germany 2017}) 14... g6 15. Nc3 $146 {
[#] Strongly threatening Nxh7!White is slightly better.} ({Predecessor:} 15. f4
Qb4 16. Bc2 Qxb2 17. Nxh7 Kxh7 18. g4 Nb4 19. Bxg6+ Kxg6 20. Rb1 Qa3 {0-1 (41)
Tallo Dominguez,I (2124)-Munoz Pantoja,M (2427) Barcelona 2009}) 15... Nf4 16.
g3 Nxd3 17. Qxd3 Qb4 18. Ne2 Bd7 19. a3 Qb6 20. h4 Ne7 {Black wants to play ...
e5.} 21. a4 Rac8 22. Nf3 Qxb2 23. Ne5 $36 {White has the initiative.} Be8 24.
Rab1 Qc2 25. Rxb7 Qxd3 26. Nxd3 Nf5 (26... Nc6 $142) 27. Rxa7 $16 Rc4 {[#]} (
27... Rf7 $16 28. Ra6 Rc2) 28. Nc5 ({Better is} 28. a5 $1 $18) 28... e5 29. Ne6
Rf7 $1 30. Rxf7 Bxf7 {The position is equal.} 31. Ng5 exd4 32. Nf3 Rxa4 {
Precision: White = 43%, Black = 48%.} 1/2-1/2

[Event "Yingmei Cup CHN-chT 2017"]
[Site "?"]
[Date "2017.05.23"]
[Round "5"]
[White "Hong, Xing"]
[Black "Stefanova, Antoaneta"]
[Result "0-1"]
[WhiteElo "1982"]
[BlackElo "2510"]
[Annotator "TA"]
[PlyCount "128"]
[EventDate "2017.??.??"]
[SourceTitle "Jinhua-Lanxi"]

1. c4 g6 2. Nc3 Bg7 3. Nf3 d6 4. e3 (4. d4 e5 5. dxe5 dxe5 6. Qxd8+ Kxd8 7. Rg1
f6 8. g4 Be6 9. b3 Nd7 10. Be3 c6 11. O-O-O Kc7 12. h4 Nh6 13. g5 Ng4 14. gxf6
Bxf6 {1-0 (41) Fridman,D (2667)-Kulaots,K (2581) Warsaw 2012}) 4... e5 5. Be2
f5 6. d3 {A10: English Opening: Unusual Replies for Black} Nf6 7. Qc2 Nc6 8. a3
{The position is equal.} a5 9. Bd2 $146 ({Predecessor:} 9. Rb1 O-O 10. O-O h6 {
1-0 (64) Artamonov,V (2240)-Grigoryeva,O (2156) St Petersburg 2016}) 9... O-O
10. h4 h6 11. O-O-O Be6 12. d4 Bf7 13. h5 Nxh5 14. d5 Ne7 15. g4 (15. e4 $11 {
remains equal.}) 15... fxg4 $17 16. Nh2 g3 17. Bxh5 (17. Ng4 $15) 17... gxh2 (
17... gxh5 $19 {is more deadly.} 18. fxg3 c6) 18. Be2 c6 19. e4 {[#]} (19. dxc6
$15 bxc6 20. Rxh2) 19... cxd5 (19... b5 $1 $17 {Hoping for ...b4.} 20. cxb5
cxd5 21. exd5 Rc8 22. Rxh2 Nxd5) 20. cxd5 $11 g5 21. Rxh2 Ng6 22. Kb1 Be8 23.
Qb3 Nf4 24. Be3 (24. Bg4 $11 {keeps the balance.}) 24... Nxe2 $17 25. Nxe2 b5
26. Ng3 Rc8 27. Ka1 Qd7 28. Nf5 (28. Rdh1 $17) 28... Rxf5 $1 $19 29. exf5 Qxf5
30. Rhh1 Rc4 $1 31. Rc1 a4 32. Qd1 Qe4 33. Qd2 Bg6 34. Rhd1 Kh7 35. Rxc4 Qxc4 (
{Don't play} 35... bxc4 36. Qb4 $17) 36. Qc1 $2 (36. Bxg5 $17 hxg5 37. Qxg5)
36... Bd3 $2 {[#]} (36... Be4 $19 {...Qb3 is the strong threat.} 37. Qxc4 bxc4)
37. Qxc4 $4 (37. Bxg5 $1 $15 Qxc1+ (37... hxg5 38. Qxg5) 38. Bxc1) 37... Bxc4
$15 {Endgame KRB-KB} 38. Kb1 Kg6 39. Kc1 Bf6 40. Kd2 Kf5 41. Ra1 Bg7 42. Kc3
Bxd5 43. Rd1 Ke6 44. Kb4 Bc4 45. Rd2 d5 46. Bc5 g4 47. Rd1 Kf5 48. Be7 e4 49.
Rb1 h5 50. Kc5 Be5 51. Bh4 d4 52. Bg3 Be6 53. Rh1 Kg6 $4 (53... Bf7 $19 {
and all is fine.} 54. Kxb5 e3 55. Kxa4 exf2 56. Bxf2 g3 57. Bxg3 Bxg3 58. Rf1+
Bf4) 54. Re1 $4 {[#]} (54. Bxe5 $18 {was the only winning move.} e3 55. Bxd4)
54... d3 $4 (54... Bxg3 $1 $19 55. fxg3 d3) 55. Rb1 $4 (55. Bxe5 $18 Kf5 56.
Bc3) 55... h4 $2 (55... Bxg3 $19 {has better winning chances.} 56. fxg3 Bb3)
56. Bf4 $2 (56. Bxe5 $17 Kf5 57. Bc3) 56... Kf5 57. Be3 h3 58. b4 Bc3 59. Rd1
Bb3 60. Rg1 d2 61. Bxd2 Bxd2 {Black mates.} 62. Kd4 Bf4 63. Re1 {[#]} e3 $1 64.
fxe3 Be5+ {Precision: White = 25%, Black = 56%.} 0-1

[Event "Yingmei Cup CHN-chT 2017"]
[Site "?"]
[Date "2017.05.24"]
[Round "6"]
[White "Yu, Yangyi"]
[Black "Zvjaginsev, Vadim"]
[Result "1-0"]
[WhiteElo "2750"]
[BlackElo "2661"]
[Annotator "TA"]
[PlyCount "81"]
[EventDate "2017.??.??"]
[SourceTitle "Jinhua-Lanxi"]

1. e4 c5 2. Nf3 Nc6 3. d4 cxd4 4. Nxd4 g6 5. c4 Nf6 6. Nc3 d6 7. Be2 Nxd4 8.
Qxd4 Bg7 9. Be3 O-O 10. Qd2 Be6 11. Rc1 Qa5 12. f3 Rfc8 13. b3 Rab8 {LiveBook:
13 Games. B36: Sicilian: Maroczy Bind: Gurgenidze System} (13... a6 14. Na4
Qxd2+ 15. Kxd2 Rc6 16. g4 Kf8 17. Nb6 Rb8 18. Nd5 Rcc8 19. Nf4 Bd7 20. g5 Ng8
21. Nd5 e6 {1/2-1/2 (65) Giri,A (2785)-Zvjaginsev,V (2661) Sochi 2017}) 14. Na4
Qxd2+ 15. Kxd2 Bd7 {White is slightly better.} 16. Nc3 a6 {[#]} 17. g4 $146 ({
Predecessor:} 17. a4 Be8 18. a5 Nd7 19. Nd5 Kf8 20. Rhd1 e6 21. Nc3 {1/2-1/2 
(33) Alekseev,E (2653)-Zvjaginsev,V (2660) Sochi 2015}) 17... Bc6 18. b4 Be8
19. g5 Nd7 $1 20. f4 Kf8 21. h4 a5 22. b5 ({But not} 22. bxa5 Ra8 $11) 22... f5
23. gxf6 Nxf6 24. Kd3 e6 25. Ba7 Ra8 26. Bd4 Bf7 27. e5 dxe5 28. fxe5 Nd7 29.
Ne4 $36 {And now Nd6 would win. White fights for an advantage.} Nxe5+ 30. Ke3
Ke7 ({Better is} 30... Be8 $14) 31. c5 $18 Rd8 {next ...Ng4+! is good for
Black.} 32. Rhd1 Rd5 {[#]} (32... Be8 $16) 33. c6 $1 bxc6 34. bxc6 {aiming for
c7.} Bh6+ 35. Ng5 Be8 36. c7 Nc6 {[#]} 37. Ba6 $1 Nxd4 (37... Rxa6 38. c8=Q)
38. Rxd4 Rxg5 $2 (38... Bd7 $16) 39. hxg5 {White is winning.} Bxg5+ {[#]} 40.
Ke4 $1 Bxc1 41. Bb7 {Precision: White = 93%, Black = 53%.} 1-0